[Event "Mittelrhein-chT 1112"]
[Site "Germany"]
[Date "2011.10.23"]
[Round "3.3"]
[White "Schaefer, Juergen"]
[Black "Bussard, Christian"]
[Result "1/2-1/2"]
[WhiteElo "2077"]
[BlackElo "2091"]
[PlyCount "116"]
[EventDate "2011.09.11"]
[EventType "team-tourn"]
[EventRounds "13"]
[EventCountry "GER"]
[SourceTitle "EXT 2013"]
[Source "ChessBase"]
[SourceDate "2012.11.22"]
[SourceVersion "1"]
[SourceVersionDate "2012.11.22"]
[SourceQuality "1"]
[WhiteTeam "Bruehl"]
[BlackTeam "Niederkassel"]
[WhiteTeamCountry "GER"]
[BlackTeamCountry "GER"]

1. e4 e5 2. Nc3 Nf6 3. Bc4 Be7 4. d3 c6 5. f4 exf4 6. e5 Nd5 7. Bxd5 cxd5 8. Bxf4 d6 9. Nf3 Be6 10. exd6 Bxd6 11. Bxd6 Qxd6 12. 0-0 Nc6 13. Kh1 0-0-0 14. Qd2 f6 15. Qf2 Qf4 16. Ne2 Qc7 17. Ned4 Rhe8 18. Nxc6 bxc6 19. b4 h5 20. Nd4 Bd7 21. Rab1 Re5 22. b5 c5 23. Nc6 Bxc6 24. bxc6 Qxc6 25. d4 Rg5 26. Rfe1 c4 27. Re7 Rd7 28. Re8+ Rd8 29. Re7 Rd7 30. Qe1 Qd6 31. Re8+ Rd8 32. Re6 Re5 33. Rxe5 fxe5 34. dxe5 Qe6 35. Qb4 Qb6 36. Qe1 Qc5 37. Qg3 Qc7 38. Qg6 Qxe5 39. Qc6+ Qc7 40. Qa8+ Kd7 41. Qxd5+ Kc8 42. Qxh5 Qc6 43. Qg4+ Rd7 44. Rd1 Kc7 45. Qxd7+ Qxd7 46. Rxd7+ Kxd7 47. Kg1 Kc6 48. Kf2 Kb5 49. Ke3 Kb4 50. Kd4 a5 51. c3+ Ka3 52. Kxc4 Kxa2 53. Kb5 Kb3 54. Kxa5 Kxc3 55. Kb5 Kd4 56. Kc6 Ke3 57. Kd5 Kf2 58. g4 Kf3 1/2-1/2

[Event "Moehnesee Cup 36th"]
[Site "Moehnesee"]
[Date "2010.08.29"]
[Round "6"]
[White "Falter, Lennart"]
[Black "Schaefer, Juergen"]
[Result "1-0"]
[WhiteElo "1843"]
[BlackElo "2145"]
[PlyCount "83"]
[EventDate "2010.08.26"]
[EventType "swiss"]
[EventRounds "7"]
[EventCountry "GER"]
[SourceTitle "EXT 2011"]
[Source "ChessBase"]
[SourceDate "2010.11.26"]
[SourceVersion "1"]
[SourceVersionDate "2010.11.26"]
[SourceQuality "1"]

1. e4 g6 2. d4 Bg7 3. c4 d6 4. Nc3 Nc6 5. Nf3 Bg4 6. d5 Nd4 7. Be2 Bxf3 8. Bxf3 c5 9. 0-0 Nf6 10. Be3 Nd7 11. Be2 0-0 12. Rb1 b6 13. a3 Kh8 14. f3 a6 15. Qd2 e6 16. Bh6 Qh4 17. Bxg7+ Kxg7 18. b4 Rab8 19. Rb2 Qh6 20. Qxh6+ Kxh6 21. Rfb1 Rfc8 22. Bf1 cxb4 23. Rxb4 Nc2 24. R4b3 Nd4 25. Rb4 Rb7 26. Na4 Rcb8 27. R4b2 Kg7 28. Kf2 e5 29. Ke3 f5 30. g3 Kf6 31. c5 dxc5 32. Bxa6 f4+ 33. gxf4 exf4+ 34. Kxf4 Ra7 35. Nxb6 Ne5 36. d6 Rxa6 37. Nd5+ Ke6 38. Rxb8 g5+ 39. Kg3 Rxa3 40. R1b6 Nf5+ 41. exf5+ Kxd5 42. d7 1-0

[Event "Moehnesee Cup 36th"]
[Site "Moehnesee"]
[Date "2010.08.28"]
[Round "4"]
[White "Meyer, Ulrich"]
[Black "Schaefer, Juergen"]
[Result "1-0"]
[WhiteElo "2051"]
[BlackElo "2145"]
[PlyCount "79"]
[EventDate "2010.08.26"]
[EventType "swiss"]
[EventRounds "7"]
[EventCountry "GER"]
[SourceTitle "EXT 2011"]
[Source "ChessBase"]
[SourceDate "2010.11.26"]
[SourceVersion "1"]
[SourceVersionDate "2010.11.26"]
[SourceQuality "1"]

1. e4 g6 2. Nc3 Bg7 3. g3 d6 4. Bg2 Nc6 5. d3 h5 6. h3 Nd4 7. Be3 c5 8. Qd2 Rb8 9. Nd1 b5 10. c3 Nc6 11. f4 Bb7 12. Nf3 e6 13. 0-0 Nge7 14. Nh4 Bf6 15. Nf3 Qa5 16. e5 dxe5 17. fxe5 Nxe5 18. Nxe5 Bxe5 19. Bxc5 Qc7 20. Bxe7 Qxe7 21. Qe3 Bc7 22. Bxb7 Rxb7 23. Qf3 h4 24. Qc6+ Kf8 25. g4 Bb8 26. Nf2 Rb6 27. Qg2 Kg7 28. Ne4 g5 29. Nf6 Bg3 30. Rf3 e5 31. Nh5+ Rxh5 32. gxh5 Bf4 33. Rd1 Kh6 34. Qe2 f5 35. Re1 Re6 36. Qg2 Qe8 37. Rff1 Qxh5 38. Qd5 Qg6 39. Kh1 Bg3 40. Re2 1-0

[Event "Oberliga NRW 0001 II"]
[Site "NRW"]
[Date "2000.11.19"]
[Round "3.8"]
[White "Schaefer, Juergen"]
[Black "Klanert, Karsten"]
[Result "1-0"]
[WhiteElo "2164"]
[BlackElo "2135"]
[PlyCount "86"]
[EventDate "2000.09.24"]
[EventType "team"]
[EventRounds "9"]
[EventCountry "GER"]
[SourceTitle "EXT 2006"]
[Source "ChessBase"]
[SourceDate "2005.11.24"]
[SourceVersion "1"]
[SourceVersionDate "2005.11.24"]
[SourceQuality "1"]
[WhiteTeam "Koeln SF"]
[BlackTeam "Brackel"]
[WhiteTeamCountry "GER"]
[BlackTeamCountry "GER"]

1. e4 c5 2. Nf3 d6 3. Bb5+ Bd7 4. Bxd7+ Qxd7 5. 0-0 Nc6 6. b3 Nf6 7. Re1 e6 8. Bb2 Be7 9. d4 cxd4 10. Nxd4 0-0 11. c4 Nxd4 12. Qxd4 b5 13. cxb5 Qxb5 14. Na3 Qb7 15. Nc4 Rfd8 16. Na5 Qa6 17. Qa4 Rac8 18. b4 Rc4 19. Rac1 Rxe4 20. Rxe4 Nxe4 21. Bd4 Rb8 22. Qc6 Qd3 23. Bxa7 Rf8 24. Be3 d5 25. b5 d4 26. Qc4 Qa3 27. Nc6 Bc5 28. Bxd4 Bxd4 29. Nxd4 Rd8 30. Nf3 Nc3 31. Rf1 Qb2 32. a4 h6 33. b6 Rb8 34. a5 e5 35. Nxe5 Qc2 36. Qxf7+ Kh8 37. Ng6+ Kh7 38. Nf8+ Kh8 39. Ng6+ Kh7 40. Nf4 Qd2 41. Qf5+ Kh8 42. Ng6+ Kg8 43. Ne7+ Kh8 1-0

[Event "Oberliga NRW 0001 II"]
[Site "NRW"]
[Date "2000.10.29"]
[Round "2.8"]
[White "Weber, Franz Josef"]
[Black "Schaefer, Juergen"]
[Result "0-1"]
[WhiteElo "2177"]
[BlackElo "2164"]
[PlyCount "96"]
[EventDate "2000.09.24"]
[EventType "team"]
[EventRounds "9"]
[EventCountry "GER"]
[SourceTitle "EXT 2006"]
[Source "ChessBase"]
[SourceDate "2005.11.24"]
[SourceVersion "1"]
[SourceVersionDate "2005.11.24"]
[SourceQuality "1"]
[WhiteTeam "Monheim"]
[BlackTeam "Koeln SF"]
[WhiteTeamCountry "GER"]
[BlackTeamCountry "GER"]

1. e4 d6 2. d4 Nf6 3. Nc3 g6 4. Be3 c6 5. Qd2 b5 6. f3 Nbd7 7. h4 Nb6 8. a3 Rb8 9. d5 cxd5 10. Bxb5+ Bd7 11. Bxd7+ Qxd7 12. Bxb6 Rxb6 13. Nxd5 Nxd5 14. exd5 Bg7 15. c3 Qa4 16. Ne2 Qb3 17. Rb1 0-0 18. 0-0 Rfb8 19. Qd3 a5 20. Qe4 R6b7 21. Rfd1 Rc8 22. Nd4 Bxd4+ 23. Rxd4 Rxc3 24. bxc3 Qxb1+ 25. Qxb1 Rxb1+ 26. Kf2 Rb3 27. Ra4 Rb5 28. c4 Rc5 29. Ke3 Kg7 30. Ke4 e6 31. dxe6 fxe6 32. g4 h6 33. f4 h5 34. g5 Kf7 35. Ke3 Ke7 36. Ke4 Kd7 37. Ke3 Kc6 38. Kf3 Kb6 39. Ke3 Ka6 40. Kf3 Rc7 41. Ke4 Rc8 42. Kd4 Rf8 43. Ke3 Rf5 44. Ke4 e5 45. fxe5 dxe5 46. Kd5 Rf4 47. Kxe5 Rxh4 48. Kf6 Rd4 0-1

[Event "Oberliga NRW 9900 II"]
[Site "Germany"]
[Date "2000.05.11"]
[Round "9.6"]
[White "Schaefer, Juergen"]
[Black "Buetow, Dominic"]
[Result "1-0"]
[WhiteElo "2145"]
[BlackElo "1705"]
[PlyCount "33"]
[EventDate "1999.10.26"]
[EventType "team"]
[EventRounds "9"]
[EventCountry "GER"]
[SourceTitle "EXT 2001"]
[Source "ChessBase"]
[SourceDate "2000.11.22"]
[SourceVersion "1"]
[SourceVersionDate "2000.11.22"]
[SourceQuality "1"]
[WhiteTeam "Koeln KKS"]
[BlackTeam "Bochum II"]
[WhiteTeamCountry "GER"]
[BlackTeamCountry "GER"]

1. e4 g6 2. d4 Bg7 3. f4 d6 4. Nf3 Nf6 5. Bd3 0-0 6. c3 Nc6 7. 0-0 Bg4 8. h3 Bxf3 9. Qxf3 e5 10. fxe5 dxe5 11. Bg5 Nxd4 12. cxd4 Qxd4+ 13. Rf2 Rad8 14. Bxf6 Bxf6 15. Qxf6 Qxd3 16. Nc3 Qe3 17. Nd5 1-0

[Event "Oberliga NRW 9900 II"]
[Site "Germany"]
[Date "2000.03.22"]
[Round "7.5"]
[White "Schacht, Egbert"]
[Black "Schaefer, Juergen"]
[Result "0-1"]
[WhiteElo "2215"]
[BlackElo "2145"]
[PlyCount "93"]
[EventDate "1999.10.26"]
[EventType "team"]
[EventRounds "9"]
[EventCountry "GER"]
[SourceTitle "EXT 2001"]
[Source "ChessBase"]
[SourceDate "2000.11.22"]
[SourceVersion "1"]
[SourceVersionDate "2000.11.22"]
[SourceQuality "1"]
[WhiteTeam "Wiedenbrueck"]
[BlackTeam "Koeln KKS"]
[WhiteTeamCountry "GER"]
[BlackTeamCountry "GER"]

1. Nf3 g6 2. c4 Bg7 3. Nc3 d6 4. d4 Nd7 5. e4 e5 6. Be2 Ne7 7. Be3 0-0 8. g4 c6 9. Qd2 Nb6 10. h3 d5 11. Nxe5 dxe4 12. Nxe4 f6 13. Nf3 f5 14. Nc5 fxg4 15. hxg4 Rxf3 16. Bxf3 Nxc4 17. Qc2 b5 18. 0-0-0 Nd5 19. Rde1 Qd6 20. Be2 Rb8 21. Bxc4 bxc4 22. Qxc4 Bxg4 23. Bd2 Bf5 24. Ne4 Qd7 25. a3 h5 26. Bf4 Rf8 27. Nd6 Kh7 28. Nxf5 Qxf5 29. Bg3 Bh6+ 30. Kd1 Qb1+ 31. Ke2 Re8+ 32. Be5 Qxb2+ 33. Kf1 Rf8 34. Re2 Qb1+ 35. Kg2 Qf5 36. Qxc6 Qf3+ 37. Kg1 Qxe2 38. Qd7+ Kg8 39. Qxd5+ Rf7 40. Qd8+ Bf8 41. Rh2 Qd1+ 42. Kg2 Qg4+ 43. Kf1 Qd1+ 44. Kg2 Qg4+ 45. Kf1 Kh7 46. Rh4 Qf3 47. Qg5 0-1

[Event "Oberliga NRW 9900 II"]
[Site "Germany"]
[Date "2000.02.09"]
[Round "5.7"]
[White "Kocur, Alois"]
[Black "Schaefer, Juergen"]
[Result "1-0"]
[WhiteElo "2260"]
[BlackElo "2145"]
[PlyCount "48"]
[EventDate "1999.10.26"]
[EventType "team"]
[EventRounds "9"]
[EventCountry "GER"]
[SourceTitle "EXT 2001"]
[Source "ChessBase"]
[SourceDate "2000.11.22"]
[SourceVersion "1"]
[SourceVersionDate "2000.11.22"]
[SourceQuality "1"]
[WhiteTeam "Solingen II"]
[BlackTeam "Koeln KKS"]
[WhiteTeamCountry "GER"]
[BlackTeamCountry "GER"]

1. e4 d6 2. d4 Nf6 3. Nc3 g6 4. f4 Bg7 5. Nf3 0-0 6. e5 Nfd7 7. h4 c5 8. h5 cxd4 9. Qxd4 dxe5 10. Qf2 e4 11. Ng5 Nf6 12. hxg6 hxg6 13. Qh4 Bf5 14. Be3 Nbd7 15. 0-0-0 Qc8 16. Bb5 Rd8 17. Bd4 e3 18. Bxe3 a6 19. Ba4 Nf8 20. Bb3 Rxd1+ 21. Rxd1 Ne6 22. Rh1 Nxg5 23. fxg5 Nh5 24. Nd5 Qb8 1-0